<?xml version="1.0" encoding="UTF-8"?>
<record
    xmlns:xsi="http://www.w3.org/2001/XMLSchema-instance"
    xsi:schemaLocation="http://www.loc.gov/MARC21/slim http://www.loc.gov/standards/marcxml/schema/MARC21slim.xsd"
    xmlns="http://www.loc.gov/MARC21/slim">

  <leader>01394nam a22002297a 4500</leader>
  <controlfield tag="005">20250506123743.0</controlfield>
  <controlfield tag="008">250327b        |||||||| |||| 00| 0 eng d</controlfield>
  <datafield tag="020" ind1=" " ind2=" ">
    <subfield code="a">9798885215886</subfield>
  </datafield>
  <datafield tag="040" ind1=" " ind2=" ">
    <subfield code="c">AL</subfield>
  </datafield>
  <datafield tag="082" ind1=" " ind2=" ">
    <subfield code="2">23</subfield>
    <subfield code="a">613.2</subfield>
    <subfield code="b">SINB</subfield>
  </datafield>
  <datafield tag="100" ind1=" " ind2=" ">
    <subfield code="a">Hema Singh</subfield>
    <subfield code="9">209458</subfield>
  </datafield>
  <datafield tag="245" ind1=" " ind2=" ">
    <subfield code="a">Become Your own Nutritionist</subfield>
  </datafield>
  <datafield tag="260" ind1=" " ind2=" ">
    <subfield code="a">Chennai</subfield>
    <subfield code="b">Notion Press</subfield>
    <subfield code="c">2021</subfield>
  </datafield>
  <datafield tag="300" ind1=" " ind2=" ">
    <subfield code="a">216p.</subfield>
    <subfield code="b">PB</subfield>
    <subfield code="c">20x13cm.</subfield>
  </datafield>
  <datafield tag="365" ind1=" " ind2=" ">
    <subfield code="2">Food Processing &amp; Technology</subfield>
    <subfield code="a">EKDG-170301</subfield>
    <subfield code="b">273.33</subfield>
    <subfield code="c">&#x20B9;</subfield>
    <subfield code="d">287.00</subfield>
    <subfield code="e">5%</subfield>
    <subfield code="f">19-03-2025</subfield>
  </datafield>
  <datafield tag="520" ind1=" " ind2=" ">
    <subfield code="a">Our life revolves around food, but unfortunately, there is no subject on Nutrition in our education system. Thus, right from an early age of our life, we are neither AWARE nor we LEARN, what is the RIGHT KIND OF FOOD meant for our human body, to ensure better energy levels and prevent, cure deficiencies and diseases. This book mentions various NUTRIENTS that our body needs on daily basis, their functions, best sources through natural and easily available foods etc. It also mentions why Wheat, Rice, Milk, Refined Oils, Animal foods etc. are not suitable for human consumption. This book is an essential in every home to learn and improve our living standard &#x2013; A mini encyclopedia on food and nutrition.</subfield>
  </datafield>
  <datafield tag="650" ind1=" " ind2=" ">
    <subfield code="a">Health &amp; Fitness</subfield>
    <subfield code="9">206934</subfield>
  </datafield>
  <datafield tag="650" ind1=" " ind2=" ">
    <subfield code="a">Energy</subfield>
    <subfield code="9">206935</subfield>
  </datafield>
  <datafield tag="650" ind1=" " ind2=" ">
    <subfield code="a">Carbohydrates</subfield>
    <subfield code="9">206936</subfield>
  </datafield>
  <datafield tag="650" ind1=" " ind2=" ">
    <subfield code="a">Encyclopedia on Food and Nutrition</subfield>
    <subfield code="9">206979</subfield>
  </datafield>
  <datafield tag="942" ind1=" " ind2=" ">
    <subfield code="2">ddc</subfield>
    <subfield code="c">BK</subfield>
  </datafield>
  <datafield tag="999" ind1=" " ind2=" ">
    <subfield code="c">234013</subfield>
    <subfield code="d">234013</subfield>
  </datafield>
  <datafield tag="952" ind1=" " ind2=" ">
    <subfield code="0">0</subfield>
    <subfield code="1">0</subfield>
    <subfield code="2">ddc</subfield>
    <subfield code="4">0</subfield>
    <subfield code="7">0</subfield>
    <subfield code="8">FPT</subfield>
    <subfield code="a">AL</subfield>
    <subfield code="b">AL</subfield>
    <subfield code="d">2025-03-25</subfield>
    <subfield code="e">Amazon</subfield>
    <subfield code="g">287.00</subfield>
    <subfield code="l">0</subfield>
    <subfield code="o">613.2 SINB</subfield>
    <subfield code="p">077611</subfield>
    <subfield code="r">2025-03-27 04:30:26</subfield>
    <subfield code="v">287.00</subfield>
    <subfield code="w">2025-03-27</subfield>
    <subfield code="y">BK</subfield>
  </datafield>
</record>
